_Introduction to Children with Special Needs (Record no. 7127)
[ view plain ]
| 000 -LEADER | |
|---|---|
| fixed length control field | 00341nam a2200109Ia 4500 |
| 008 - FIXED-LENGTH DATA ELEMENTS--GENERAL INFORMATION | |
| fixed length control field | 151021s9999 xx 000 0 und d |
| 050 ## - LIBRARY OF CONGRESS CALL NUMBER | |
| Classification number | Lc 3988 .k4k57 2002 |
| 245 ## - TITLE STATEMENT | |
| Title | _Introduction to Children with Special Needs |
| 260 ## - PUBLICATION, DISTRIBUTION, ETC. (IMPRINT) | |
| Place of publication, distribution, etc. | Nairobi Kenya Institute of Special Needs 2002 |
| 300 ## - PHYSICAL DESCRIPTION | |
| Extent | iv,168p;ill. |
| 980 ## - EQUIVALENCE OR CROSS-REFERENCE-SERIES STATEMENT--PERSONAL NAME/TITLE [LOCAL, CANADA] | |
| Personal name | ^d20110421 04:06:35^okorir |
No items available.